Applied crystallography : Proceedings of the XIX Conference : Kraków, Poland, 1-4 September 2003

This book aims to propagate the newest achievements of applied crystallography among crystallographers, solid state physicists and materials scientists. It presents application of structural studies to materials used in industrial practice rather than those associated with the crystal structure dete...

Полное описание

Сохранить в:
Библиографические подробности
Формат:
Язык:Undetermined
Опубликовано: River Edge, NJ World Scientific c2004
Предметы:
Метки: Добавить метку
Нет меток, Требуется 1-ая метка записи!
Thư viện lưu trữ: Trung tâm Học liệu Trường Đại học Cần Thơ
LEADER 00922nam a2200193Ia 4500
001 CTU_156855
008 210402s9999 xx 000 0 und d
082 |a 548 
082 |b C748/2004 
245 0 |a Applied crystallography : 
245 0 |b Proceedings of the XIX Conference : Kraków, Poland, 1-4 September 2003 
245 0 |c Editors, Henryk Morawiec & Danuta Stróz 
260 |a River Edge, NJ 
260 |b World Scientific 
260 |c c2004 
520 |a This book aims to propagate the newest achievements of applied crystallography among crystallographers, solid state physicists and materials scientists. It presents application of structural studies to materials used in industrial practice rather than those associated with the crystal structure determination only. 
650 |a Crystallography,Tinh thể học 
904 |i Trọng Hiếu 
980 |a Trung tâm Học liệu Trường Đại học Cần Thơ